Country Flag-Shape Picture Quiz #6 - Statistics

General Stats
  • This quiz has been taken 70,066 times
    68,863 since last reset
  • The average score is 13 of 16
Answer Stats
Picture Answer % Correct
Switzerland
99%
Iceland
97%
Poland
93%
Vietnam
93%
Japan
92%
Cuba
90%
South Korea
84%
Tunisia
84%
Bosnia and Herzegovina
82%
Ivory Coast
82%
Azerbaijan
75%
Mozambique
71%
Gambia
65%
St. Lucia
63%
Dominica
55%
Vanuatu
44%
No matching quizzes found
Score Distribution
Percent of People with Each Score
Percentile by Number Answered
Your Score History
You have not taken this quiz since the last reset